MLT MEDICAL LABORATORY TECHNOLOGY (Record no. 1341)

MARC details
000 -LEADER
fixed length control field 00346nam a2200145Ia 4500
008 - FIXED-LENGTH DATA ELEMENTS--GENERAL INFORMATION
fixed length control field 150201s2006 xx 000 0 und d
082 ## - DEWEY DECIMAL CLASSIFICATION NUMBER
Classification number 616.07
Item number M06S
100 ## - MAIN ENTRY--PERSONAL NAME
Personal name SOOD , RAMNIK
245 ## - TITLE STATEMENT
Title MLT MEDICAL LABORATORY TECHNOLOGY
250 ## - EDITION STATEMENT
Edition statement 5TH
260 ## - PUBLICATION, DISTRIBUTION, ETC. (IMPRINT)
Name of publisher, distributor, etc. JAYPEE
Place of publication, distribution, etc. DELHI
Date of publication, distribution, etc. 2006
300 ## - PHYSICAL DESCRIPTION
Extent 1-732
650 ## - SUBJECT ADDED ENTRY--TOPICAL TERM
Topical term or geographic name as entry element PATHOLOGY
942 ## - ADDED ENTRY ELEMENTS (KOHA)
Source of classification or shelving scheme Dewey Decimal Classification
Koha item type Books
Koha issues (borrowed), all copies 6
Holdings
Withdrawn status Lost status Source of classification or shelving scheme Damaged status Not for loan Collection code Home library Current library Shelving location Date acquired Source of acquisition Cost, normal purchase price SGTU Bill Number Total Checkouts Full call number Barcode Date last seen Date last checked out Bill Date Koha item type
    Dewey Decimal Classification     MEDICAL SGT Medical Library SGT Medical Library Text Book 16/01/2012 JAYPEE 550.00 SGTU 9046 2 616.07 M06S FM4962 06/12/2018 08/11/2018 23/01/2012 Books
    Dewey Decimal Classification     MEDICAL SGT Medical Library SGT Medical Library Text Book 16/01/2012 JAYPEE 550.00 SGTU 9046 7 616.07 M06S FM4963 03/02/2025 21/01/2025 23/01/2012 Books
    Dewey Decimal Classification     MEDICAL SGT Medical Library SGT Medical Library Text Book 16/01/2012 JAYPEE 550.00 SGTU 9046 3 616.07 M06S FM4964 20/05/2026 20/05/2026 23/01/2012 Books
    Dewey Decimal Classification     MEDICAL SGT Medical Library SGT Medical Library Text Book 16/01/2012 JAYPEE 550.00 SGTU 9046 3 616.07 M06S FM4965 04/01/2017 21/12/2016 23/01/2012 Books
    Dewey Decimal Classification     MEDICAL SGT Medical Library SGT Medical Library Text Book 16/01/2012 JAYPEE 550.00 SGTU 9046   616.07 M06S FM4966 09/02/2015   23/01/2012 Books